Meilleur buteur des Nations - Statistiques

Statistiques générales
  • Ce quiz a été pris 71 fois
  • Le résultat moyen est 8 sur 15
Statistiques - réponses
Nation Buts Réponse % Correct
Portugal 131 Cristiano Ronaldo
100%
Argentine 109 Lionel Messi
97%
France 57 Olivier Giroud
95%
Brésil 79 Neymar Jr
84%
Belgique 85 Romelu Lukaku
84%
Pologne 83 Robert Lewandowski
80%
Espagne 59 David Villa
72%
Allemagne 71 Miroslav Klose
64%
Pays Bas 50 Robin Van Persie
59%
Mexique 52 Chicharito
38%
Croatie 45 Davor Suker
38%
Italie 35 Luigi Riva
5%
Maroc 25 Ayoub El Kaabi
2%
Grèce 29 Nikolaos Anastopoulos
0%
Japon 50 Shinji Okazaki
0%
Aucun quiz correspondant
Distribution des résultats
% des personnes avec chaque résultat
Percentile par nombre de réponses
Votre historique - résultats
Vous n’avez pas pris ce quiz